they're all around us - Poppy - Statistics

General Stats
  • This quiz has been taken 3 times
  • The average score is 240 of 288
Answer Stats
𝄞 % Correct
a
100%
all
100%
All
100%
amity
100%
and
100%
And
100%
around
100%
back
100%
black
100%
blue
100%
can
100%
can't
100%
coming
100%
count
100%
Coward
100%
curse
100%
demonstration
100%
desert
100%
discontent
100%
down
100%
Down
100%
down,
100%
false
100%
flag
100%
hate
100%
heroes
100%
Horror
100%
I
100%
I'm
100%
in
100%
It'll
100%
know
100%
leave
100%
me
100%
no
100%
not
100%
now
100%
on
100%
one
100%
out
100%
Rain
100%
rain
100%
Refute
100%
right
100%
see
100%
shadows
100%
spirit's
100%
Stab
100%
stay
100%
sucker
100%
the
100%
their
100%
then
100%
they
100%
They
100%
They're
100%
through
100%
Traitors
100%
true?
100%
true
100%
trust
100%
twice
100%
until
100%
us
100%
vilified
100%
Wave
100%
what
100%
what's
100%
When
100%
Will
100%
with
100%
won't
100%
you
100%
You
100%
your
100%
yourself?
100%
action
50%
among
50%
But
50%
catch
50%
claim
50%
come
50%
corruption
50%
day
50%
don't
50%
feed
50%
for
50%
hand
50%
Have
50%
kids
50%
love
50%
motherfucker
50%
Never
50%
never
50%
ones
50%
performative
50%
promise
50%
reigning
50%
seen
50%
take
50%
There's
50%
think
50%
to
50%
Under
50%
underneath
50%
wait
50%
walk
50%
backs
0%
claw
0%
Crawling
0%
Disintegrate
0%
every
0%
fate
0%
'fore
0%
frail
0%
from
0%
From
0%
god
0%
grasp
0%
Ignorance
0%
inch
0%
is
0%
knees
0%
meet
0%
mire
0%
of
0%
off
0%
poison
0%
remembrance
0%
Stolen
0%
theirs
0%
Unbelieve
0%
was
0%
weight
0%
you'll
0%
No matching quizzes found
Score Distribution
Percent of People with Each Score
Percentile by Number Answered
Your Score History
You have not taken this quiz